Strategic Management Planning and Implementation. Concepts and Cases
Uložené v:
| Hlavný autor: | |
|---|---|
| Médium: | Kniha |
| Jazyk: | English |
| Vydavateľské údaje: |
New York
Harper and Row Pub.
1987
|
| Vydanie: | 2. ed. |
| Tagy: |
Žiadne tagy, Buďte prvý, kto otaguje tento záznam!
|
MARC
| LEADER | 00000nam a2200000 4500 | ||
|---|---|---|---|
| 001 | c025145 | ||
| 005 | 20221219120642.2 | ||
| 041 | 0 | |a eng | |
| 044 | |a US | ||
| 245 | 1 | 0 | |a Strategic Management |b Planning and Implementation. Concepts and Cases |c Lloyd L. Byars |
| 250 | |a 2. ed. | ||
| 264 | 1 | |a New York |b Harper and Row Pub. |c 1987 | |
| 300 | |a 940 s. | ||
| 100 | 1 | |a Byars, Lloyd L. | |